[Event "4th Chessfestival Gredine 2018"]
[Site "Ortisei"]
[Date "2018.06.24"]
[Round "9.11"]
[White "Jaracz, Pawel"]
[Black "Podetti, Davide"]
[Result "1/2-1/2"]
[WhiteElo "2467"]
[BlackElo "2186"]
[Annotator "TA"]
[PlyCount "59"]
[EventDate "2018.06.16"]
[EventType "swiss"]
[EventCountry "ITA"]
[SourceTitle "playchess.com"]
[Source "ChessBase"]
[SourceQuality "1"]

{[%evp 29,59,0,11,0,12,12,32,27,26,17,21,15,26,29,33,29,51,40,62,23,33,0,0,-8,0,-8,36,-21,-29,-29,-34,-110]} 1. d4 Nf6 2. c4 e6 3. Nf3 b6 4. a3 Bb7 5. Nc3 d5 6. Bg5 Be7 7. Bxf6 Bxf6 8. cxd5 exd5 9. Qa4+ c6 10. g3 O-O 11. Bg2 Nd7 12. O-O Re8 13. Rfd1 Qe7 {E12: Queen's Indian: Unusual White 4th moves, 4 a3, 4 Nc3 Bb7 5 a3 and 4 Nc3 Bb7} 14. e3 (14. Qc2 a5 15. Re1 c5 16. Rad1 Rad8 17. e3 g6 18. Re2 Bg7 19. dxc5 Nxc5 20. Nd4 Ne4 21. Qb3 Nxc3 22. Qxc3 {1-0 (53) Lenderman,A (2601)-Kamsky,G (2706) ICC INT 2014}) 14... g6 15. Rac1 Bg7 {[#] LiveBook: 3 Games. The position is equal.} 16. Bf1 $146 ({Predecessor:} 16. Ne1 Qd6 17. Nd3 f5 18. Qb3 Kh8 19. Qc2 Rac8 20. Qd2 Ba6 21. Bf1 {1-0 (51) Dao,T (2560)-Bui,V (2475) Cao Lanh Dong Thap 2006}) 16... Qd6 17. Ba6 Rab8 18. Bxb7 Rxb7 19. Qa6 Rc7 20. Rc2 Nb8 21. Qa4 Bf6 22. b4 h5 23. Qb3 a6 24. a4 b5 25. Ne2 h4 26. Rdc1 Kg7 27. Nf4 Rce7 28. Rc5 ({Better is} 28. Nxh4 $14 Bxh4 29. gxh4) 28... hxg3 $11 29. hxg3 Rh8 {Threatens to win with ...g5.} 30. Kf1 {Precision: White = 36%, Black = 38%.} (30. axb5 $1 $15 axb5 31. Kf1) 1/2-1/2

[Event "4th Chessfestival Gredine 2018"]
[Site "Ortisei"]
[Date "2018.06.24"]
[Round "9.12"]
[White "Herzog, Adolf"]
[Black "Movileanu, Daniela"]
[Result "1-0"]
[WhiteElo "2344"]
[BlackElo "2199"]
[Annotator "ChessBase"]
[PlyCount "59"]
[EventDate "2018.06.16"]
[EventType "swiss"]
[EventCountry "ITA"]
[SourceTitle "playchess.com"]
[Source "ChessBase"]
[SourceQuality "1"]
[TimeControl "40/5400+30:1800+30"]

1. d4 {[%emt 0:00:30]} Nf6 {[%emt 0:01:00]} 2. Nf3 {[%emt 0:00:00]} g6 {[%emt 0:00:00]} 3. Bf4 {[%emt 0:00:00]} Bg7 {[%emt 0:00:00]} 4. c3 {[%emt 0:00:30]} O-O {[%emt 0:00:30]} 5. Nbd2 {[%emt 0:00:30]} d5 {[%emt 0:00:30]} 6. e3 {[%emt 0:00:30]} c5 {[%emt 0:00:30]} 7. Bd3 {[%emt 0:01:30]} Nc6 {[%emt 0:00:30]} 8. h3 {[%emt 0:03:30]} b6 {[%emt 0:00:30]} 9. Ne5 {[%emt 0:00:30]} Bb7 {[%emt 0:00:30]} 10. Nxc6 {[%emt 0:12:30]} Bxc6 {[%emt 0:00:30]} 11. Be5 {[%emt 0:00:00]} Re8 {[%emt 0:09:30]} 12. f4 {[%emt 0:00:00]} Ne4 {[%emt 0:10:30]} 13. Bxe4 {[%emt 0:08:30]} dxe4 {[%emt 0:00:30]} 14. Bxg7 {[%emt 0:00:30]} Kxg7 {[%emt 0:00:30]} 15. O-O {[%emt 0:05:30]} Rc8 {[%emt 0:04:30]} 16. f5 {[%emt 0:02:30]} e5 {[%emt 0:10:30]} 17. f6+ {[%emt 0:04:30]} Kh8 {[%emt 0:00:30]} 18. dxc5 {[%emt 0:03:30]} bxc5 {[%emt 0:02:30]} 19. Nc4 {[%emt 0:02:30]} Re6 {[%emt 0:14:30]} 20. Qg4 {[%emt 0:05:30]} Qf8 {[%emt 0:10:30]} 21. Rad1 {[%emt 0:04:30]} Rb8 {[%emt 0:06:30]} 22. b3 {[%emt 0:01:30]} h6 {[%emt 0:00:30]} 23. Qxe6 {[%emt 0:10:30]} fxe6 {[%emt 0:00:30]} 24. Nxe5 {[%emt 0:00:30]} Qc8 {[%emt 0:14:00]} 25. f7 {[%emt 0:00:30]} Qc7 {[%emt 0:01:08]} 26. f8=Q+ {[%emt 0:00:30]} Rxf8 {[%emt 0:00:03]} 27. Rxf8+ {[%emt 0:00:30]} Kg7 {[%emt 0:00:05]} 28. Rf7+ {[%emt 0:00:00]} Qxf7 {[%emt 0:00:28]} 29. Nxf7 {[%emt 0:00:00]} Kxf7 {[%emt 0:00:00]} 30. Rd6 {[%emt 0:00:30]} 1-0

[Event "4th Chessfestival Gredine 2018"]
[Site "Ortisei"]
[Date "2018.06.24"]
[Round "9.13"]
[White "Wiesinger, Robert"]
[Black "Volkov, Dmitriy"]
[Result "1/2-1/2"]
[WhiteElo "2199"]
[BlackElo "2334"]
[Annotator "ChessBase"]
[PlyCount "66"]
[EventDate "2018.06.16"]
[EventType "swiss"]
[EventCountry "ITA"]
[SourceTitle "playchess.com"]
[Source "ChessBase"]
[SourceQuality "1"]
[TimeControl "40/5400+30:1800+30"]

1. e4 {[%emt 0:00:30]} c5 {[%emt 0:01:00]} 2. Nf3 {[%emt 0:00:00]} Nc6 {[%emt 0:00:00]} 3. Bb5 {[%emt 0:00:00]} d6 {[%emt 0:00:00]} 4. Bxc6+ {[%emt 0:00:30]} bxc6 {[%emt 0:00:00]} 5. O-O {[%emt 0:00:00]} e5 {[%emt 0:00:00]} 6. c3 {[%emt 0:00:00]} f5 {[%emt 0:00:00]} 7. exf5 {[%emt 0:08:30]} Be7 {[%emt 0:00:00]} 8. d4 {[%emt 0:09:30]} e4 {[%emt 0:00:30]} 9. Nfd2 {[%emt 0:09:30]} Nf6 {[%emt 0:00:30]} 10. f3 {[%emt 0:05:30]} Bxf5 {[%emt 0:09:30]} 11. fxe4 {[%emt 0:07:30]} Bg4 {[%emt 0:00:30]} 12. Qa4 {[%emt 0:04:30]} O-O {[%emt 0:01:30]} 13. e5 {[%emt 0:02:30]} Nd5 {[%emt 0:07:30]} 14. dxc5 {[%emt 0:10:30]} dxe5 {[%emt 0:02:30]} 15. Qxg4 {[%emt 0:02:30]} Bxc5+ {[%emt 0:00:30]} 16. Kh1 {[%emt 0:00:30]} Ne3 {[%emt 0:01:30]} 17. Rxf8+ {[%emt 0:06:30]} Qxf8 {[%emt 0:01:30]} 18. Qe2 {[%emt 0:03:30]} Nc2 {[%emt 0:11:30]} 19. Nb3 {[%emt 0:02:30]} Nxa1 {[%emt 0:05:30]} 20. Nxa1 {[%emt 0:00:30]} Qf7 {[%emt 0:02:30]} 21. Nb3 {[%emt 0:01:30]} Rf8 {[%emt 0:01:30]} 22. N1d2 {[%emt 0:00:30]} Bb6 {[%emt 0:01:30]} 23. Nf3 {[%emt 0:01:30]} Qf5 {[%emt 0:06:30]} 24. c4 {[%emt 0:08:06]} e4 {[%emt 0:08:30]} 25. Ng1 {[%emt 0:00:40]} Qf1 {[%emt 0:04:30]} 26. Qxf1 {[%emt 0:00:41]} Rxf1 {[%emt 0:00:00]} 27. c5 {[%emt 0:00:08]} Bxc5 {[%emt 0:00:00]} 28. Nxc5 {[%emt 0:00:12]} Rxc1 {[%emt 0:00:00]} 29. Nxe4 {[%emt 0:00:28]} Rc2 {[%emt 0:00:00]} 30. Nc3 {[%emt 0:00:41]} Rxb2 {[%emt 0:00:30]} 31. Nge2 {[%emt 0:00:19]} Kf7 {[%emt 0:00:30]} 32. Kg1 {[%emt 0:00:30]} Ke6 {[%emt 0:00:30]} 33. Kf2 {[%emt 0:00:43]} Ke5 {[%emt 0:01:30]} 1/2-1/2

[Event "4th Chessfestival Gredine 2018"]
[Site "Ortisei"]
[Date "2018.06.24"]
[Round "9.15"]
[White "Wecker, Martin"]
[Black "Dittmar, Peter"]
[Result "1-0"]
[WhiteElo "2143"]
[BlackElo "2252"]
[Annotator "ChessBase"]
[PlyCount "69"]
[EventDate "2018.06.16"]
[EventType "swiss"]
[EventCountry "ITA"]
[SourceTitle "playchess.com"]
[Source "ChessBase"]
[SourceQuality "1"]
[TimeControl "40/5400+30:1800+30"]

1. Nf3 {[%emt 0:00:30]} d5 {[%emt 0:01:00]} 2. d4 {[%emt 0:00:00]} c5 {[%emt 0:00:00]} 3. c4 {[%emt 0:01:00]} dxc4 {[%emt 0:00:00]} 4. e3 {[%emt 0:00:30]} cxd4 {[%emt 0:03:30]} 5. exd4 {[%emt 0:00:30]} Be6 {[%emt 0:00:30]} 6. Nc3 {[%emt 0:06:30]} Nf6 {[%emt 0:00:30]} 7. Ne5 {[%emt 0:06:30]} Nbd7 {[%emt 0:03:30]} 8. Nxc4 {[%emt 0:16:30]} Bxc4 {[%emt 0:03:30]} 9. Bxc4 {[%emt 0:00:30]} e6 {[%emt 0:00:00]} 10. O-O {[%emt 0:04:30]} Bd6 {[%emt 0:01:00]} 11. Qe2 {[%emt 0:18:30]} O-O {[%emt 0:04:30]} 12. Bg5 {[%emt 0:00:30]} h6 {[%emt 0:01:30]} 13. Bh4 {[%emt 0:00:30]} Rc8 {[%emt 0:00:30]} 14. Bb3 {[%emt 0:01:30]} Be7 {[%emt 0:01:30]} 15. Bg3 {[%emt 0:04:30]} Nb6 {[%emt 0:00:30]} 16. Rad1 {[%emt 0:01:30]} Nbd5 {[%emt 0:00:30]} 17. Ne4 {[%emt 0:02:30]} Nxe4 {[%emt 0:01:30]} 18. Qxe4 {[%emt 0:00:00]} Qd7 {[%emt 0:01:30]} 19. Be5 {[%emt 0:06:00]} Nf6 {[%emt 0:14:30]} 20. Qd3 {[%emt 0:01:30]} Rfd8 {[%emt 0:02:30]} 21. Bc2 {[%emt 0:01:30]} g6 {[%emt 0:00:00]} 22. Bb3 {[%emt 0:00:30]} Nd5 {[%emt 0:05:00]} 23. Qh3 {[%emt 0:03:30]} Bf8 {[%emt 0:03:30]} 24. Rfe1 {[%emt 0:01:30]} Bg7 {[%emt 0:09:30]} 25. Qf3 {[%emt 0:01:31]} Qc6 {[%emt 0:01:30]} 26. h4 {[%emt 0:01:15]} Ne7 {[%emt 0:02:30]} 27. Qf4 {[%emt 0:02:08]} Nd5 {[%emt 0:01:30]} 28. Qe4 {[%emt 0:00:41]} a5 {[%emt 0:04:30]} 29. h5 {[%emt 0:04:02]} g5 {[%emt 0:00:30]} 30. Rc1 {[%emt 0:03:53]} Qd7 {[%emt 0:08:30]} 31. Bc2 {[%emt 0:02:47]} f5 {[%emt 0:06:30]} 32. Qe2 {[%emt 0:00:10]} Bxe5 {[%emt 0:03:22]} 33. Qxe5 {[%emt 0:00:08]} Kf7 {[%emt 0:01:13]} 34. Ba4 {[%emt 0:01:58]} Qd6 {[%emt 0:00:07]} 35. Qxd6 {[%emt 0:00:08]} 1-0

[Event "4th Chessfestival Gredine 2018"]
[Site "Ortisei"]
[Date "2018.06.24"]
[Round "9.16"]
[White "Lumachi, Gabriele"]
[Black "Curien, Nicolas"]
[Result "1/2-1/2"]
[WhiteElo "1989"]
[BlackElo "2204"]
[Annotator "ChessBase"]
[PlyCount "67"]
[EventDate "2018.06.16"]
[EventType "swiss"]
[EventCountry "ITA"]
[SourceTitle "playchess.com"]
[Source "ChessBase"]
[SourceQuality "1"]
[TimeControl "40/5400+30:1800+30"]

1. e4 {[%emt 0:00:30]} e6 {[%emt 0:01:00]} 2. d4 {[%emt 0:00:00]} d5 {[%emt 0:00:00]} 3. Nc3 {[%emt 0:00:00]} Nf6 {[%emt 0:00:00]} 4. Bg5 {[%emt 0:00:00]} dxe4 {[%emt 0:00:30]} 5. Nxe4 {[%emt 0:00:00]} Be7 {[%emt 0:00:00]} 6. Bxf6 {[%emt 0:00:00]} gxf6 {[%emt 0:00:00]} 7. Nf3 {[%emt 0:00:00]} f5 {[%emt 0:00:30]} 8. Nc3 {[%emt 0:00:00]} Qd6 {[%emt 0:00:30]} 9. Qe2 {[%emt 0:02:00]} a6 {[%emt 0:00:30]} 10. g3 {[%emt 0:00:00]} b5 {[%emt 0:01:30]} 11. Bg2 {[%emt 0:00:00]} Bb7 {[%emt 0:00:30]} 12. O-O {[%emt 0:00:30]} Nd7 {[%emt 0:02:30]} 13. Rad1 {[%emt 0:01:30]} Nb6 {[%emt 0:18:30]} 14. Ne5 {[%emt 0:23:30]} Bxg2 {[%emt 0:03:30]} 15. Kxg2 {[%emt 0:00:30]} Bf6 {[%emt 0:04:30]} 16. f4 {[%emt 0:08:30]} b4 {[%emt 0:12:30]} 17. Nb1 {[%emt 0:02:30]} Bxe5 {[%emt 0:05:30]} 18. dxe5 {[%emt 0:02:30]} Qc6+ {[%emt 0:00:00]} 19. Kg1 {[%emt 0:01:30]} Nd5 {[%emt 0:01:00]} 20. Rd3 {[%emt 0:03:30]} h5 {[%emt 0:02:30]} 21. h4 {[%emt 0:03:30]} Rg8 {[%emt 0:04:30]} 22. c3 {[%emt 0:02:30]} Rb8 {[%emt 0:14:30]} 23. Kh2 {[%emt 0:07:30]} Ke7 {[%emt 0:00:30]} 24. Rff3 {[%emt 0:04:30]} Qb5 {[%emt 0:11:29]} 25. Rd2 {[%emt 0:02:30]} Qxe2+ {[%emt 0:03:00]} 26. Rxe2 {[%emt 0:00:00]} b3 {[%emt 0:01:42]} 27. axb3 {[%emt 0:01:00]} Rxb3 {[%emt 0:00:13]} 28. Na3 {[%emt 0:00:30]} Nb6 {[%emt 0:01:58]} 29. Rd3 {[%emt 0:03:30]} Na4 {[%emt 0:03:46]} 30. Nc4 {[%emt 0:01:30]} Nc5 {[%emt 0:00:11]} 31. Rd4 {[%emt 0:02:30]} Ne4 {[%emt 0:00:22]} 32. Rg2 {[%emt 0:03:30]} Rb5 {[%emt 0:02:58]} 33. Na3 {[%emt 0:03:30]} Rb6 {[%emt 0:00:56]} 34. Nc4 {[%emt 0:01:30]} 1/2-1/2

[Event "4th Chessfestival Gredine 2018"]
[Site "Ortisei"]
[Date "2018.06.24"]
[Round "9.17"]
[White "Solomon, Kenny"]
[Black "Colombo, Roberto"]
[Result "1-0"]
[WhiteElo "2419"]
[BlackElo "2125"]
[Annotator "TA"]
[PlyCount "103"]
[EventDate "2018.06.16"]
[EventType "swiss"]
[EventCountry "ITA"]
[SourceTitle "playchess.com"]
[Source "ChessBase"]
[SourceQuality "1"]

{[%evp 24,103,68,39,58,29,71,62,92,85,104,52,67,52,35,38,88,9,33,33,59,0,0,-3,0,0,0,0,0,0,0,-27,0,-5,0,0,0,5,14,12,43,43,36,0,31,4,9,0,35,0,18,18,18,10,55,22,58,58,58,58,58,51,65,68,145,113,457,263,1028,1040,12832,12833,29988,29984,29993,956,12845,12839,12838,12838,12835,5658]} 1. d4 Nf6 2. c4 c5 3. d5 b5 4. cxb5 a6 5. bxa6 g6 6. Nc3 Bg7 7. g3 O-O 8. Bg2 d6 9. Nf3 Bxa6 10. O-O Nbd7 11. Rb1 Qc7 12. b3 Rfb8 {A58: Benko/Volga Gambit: Lines with 5 bxa6} 13. Bb2 {LiveBook: 4 Games} (13. Qc2 Rb4 14. Rd1 Ng4 15. Bd2 Qa7 16. h3 Nge5 17. Nxe5 Nxe5 18. a3 Rb7 19. Bf1 Rab8 20. Kg2 {0-1 (52) Alavi Moghaddam,S (2443)-Babujian,L (2474) Rasht 2012}) 13... Qa5 14. Qc2 Nb6 $146 {White has an edge.} ({Predecessor:} 14... Ne8 15. Rfd1 Nc7 16. h3 Nf6 17. Nd2 Nb5 18. Nc4 Qc7 19. Nxb5 Bxb5 {½-½ (41) Graves,J (2267)-Yu,C (2211) Hoquiam 2008}) 15. Rfd1 Bb7 {[%cal Rb6d5]} 16. e4 Nfd7 17. h4 (17. Ba1 $16) 17... Ne5 $14 18. h5 Nxf3+ 19. Bxf3 c4 20. Qd2 (20. Ne2 $16) 20... cxb3 21. axb3 Nd7 22. Na4 ({White should play} 22. h6 $14 Bf6 23. Qe3) 22... Qxd2 $11 23. Rxd2 Ba6 24. hxg6 hxg6 25. Bxg7 Kxg7 26. Bd1 Rb4 27. Bc2 Rab8 (27... Ne5 $5 28. Kg2 $8 Rh8 $11) 28. Ra1 Bb5 29. Nc3 Nc5 30. Ra7 Kf6 31. Rd1 {[#] And now Na2 would win.} Be8 32. Na2 R4b6 33. Nc1 Rb4 34. Nd3 {aiming for e5+!} R4b5 35. Nc1 Rb4 36. Nd3 {[#] Black must now prevent e5+!} R4b5 37. Nxc5 Rxc5 38. Rd2 $36 {[%mdl 2048] White is more active.} Rb4 39. f3 e6 40. Ra6 Ke7 $1 41. dxe6 fxe6 42. Bd1 d5 43. e5 d4 ({Black should try} 43... Rc1 $14) 44. Ra7+ Bd7 $2 {[%mdl 8192]} (44... Kf8 $16 {is tougher.}) 45. f4 (45. Rh2 $142) 45... g5 $2 (45... Rc1 46. Kf2 Kd8) 46. Rh2 $18 Rc1 47. Rh7+ Ke8 48. Kf2 g4 49. Bxg4 (49. Raxd7 $142 Rbc4 50. bxc4 Rxd1 51. Rb7 Rd2+ 52. Ke1 Re2+ 53. Kxe2 d3+ 54. Kxd3 Kf8 55. Rh8#) 49... Rxb3 {White is clearly winning.} 50. Bh5+ Kf8 51. Rf7+ Kg8 52. Rfxd7 {Precision: White = 46%, Black = 30%.} 1-0

[Event "4th Chessfestival Gredine 2018"]
[Site "Ortisei"]
[Date "2018.06.24"]
[Round "9.18"]
[White "Jaracz, Barbara"]
[Black "Seyb, Dieter"]
[Result "1-0"]
[WhiteElo "2246"]
[BlackElo "2179"]
[Annotator "NA"]
[PlyCount "85"]
[EventDate "2018.06.16"]
[EventType "swiss"]
[EventCountry "ITA"]
[SourceTitle "playchess.com"]
[Source "ChessBase"]
[SourceQuality "1"]
[TimeControl "40/5400+30:1800+30"]

1. e4 {[%emt 0:00:30]} e6 {[%emt 0:01:00]} 2. d4 {[%emt 0:00:00]} d5 {[%emt 0:00:00]} 3. Nd2 {[%emt 0:00:00]} h6 {[%emt 0:00:00]} 4. Bd3 {[%emt 0:07:30]} c5 {[%emt 0:00:30] LiveBook: 56 Games} 5. c3 {[%emt 0:02:30]} Nc6 {[%emt 0:00:00]} 6. exd5 {[%emt 0:11:30]} Qxd5 {[%emt 0:01:00]} 7. Be4 {[%emt 0:06:30]} Qd7 {[%emt 0:04:30]} 8. dxc5 {[%emt 0:01:30]} Nf6 {[%emt 0:04:30]} 9. Bc2 {[%emt 0:02:30]} Bxc5 {[%emt 0:01:30]} 10. Ngf3 {[%emt 0:00:30]} b6 {[%emt 0:07:30]} 11. O-O {[%emt 0:02:30]} Bb7 {[%emt 0:00:30]} 12. Qe2 {[%emt 0:06:30]} Qc7 {[%emt 0:07:30]} 13. b4 $15 {[%emt 0:08:30]} Be7 {[%emt 0:01:30]} 14. a3 {[%emt 0:01:30]} O-O {[%emt 0:04:30]} 15. c4 {[%emt 0:08:30]} Rfd8 {[%emt 0:08:30]} 16. Bb2 {[%emt 0:01:30]} Qf4 {[%emt 0:04:30]} 17. Rac1 {[%emt 0:03:30]} Qg4 {[%emt 0:08:30]} 18. h3 {[%emt 0:02:30]} Qh5 {[%emt 0:00:30]} 19. Rfe1 {[%emt 0:05:30]} Bf8 {[%emt 0:03:30]} 20. Bxf6 {[%emt 0:11:26]} gxf6 {[%emt 0:03:30]} 21. Ne4 {[%emt 0:00:15]} Qg6 {[%emt 0:06:30]} 22. Red1 {[%emt 0:02:05]} f5 {[%emt 0:01:30]} 23. Ng3 {[%emt 0:00:49]} Bg7 {[%emt 0:01:30]} 24. Qe3 {[%emt 0:02:18]} Bb2 {[%emt 0:02:30]} 25. Rb1 {[%emt 0:00:14]} Bf6 {[%emt 0:00:30]} 26. Rxd8+ {[%emt 0:01:23]} Rxd8 {[%emt 0:00:00]} 27. Rd1 {[%emt 0:00:03]} Rxd1+ {[%emt 0:07:00]} 28. Bxd1 {[%emt 0:00:04]} h5 {[%emt 0:08:23]} 29. h4 {[%emt 0:01:24]} Qg4 {[%emt 0:05:07]} 30. Qd3 {[%emt 0:03:02]} Nd4 {[%emt 0:04:42]} 31. Nxd4 {[%emt 0:05:40]} Qxd4 {[%emt 0:01:46]} 32. Qxd4 {[%emt 0:00:34]} Bxd4 {[%emt 0:00:30]} 33. Bb3 {[%emt 0:00:49]} a5 {[%emt 0:00:30]} 34. Kf1 {[%emt 0:01:41]} Be4 {[%emt 0:00:52]} 35. Nxh5 {[%emt 0:00:25]} Bb1 {[%emt 0:00:30]} 36. Ke2 {[%emt 0:00:08]} axb4 {[%emt 0:00:39]} 37. axb4 {[%emt 0:00:29]} e5 {[%emt 0:00:05]} 38. Ng3 {[%emt 0:00:52]} e4 {[%emt 0:00:30]} 39. Nxf5 {[%emt 0:00:30]} Kf8 {[%emt 0:00:30]} 40. Ba2 {[%emt 0:00:30]} Bd3+ {[%emt 0:01:26]} 41. Kd2 {[%emt 0:05:19]} Bxf2 {[%emt 0:00:30]} 42. Bb3 {[%emt 0:00:30]} Bf1 {[%emt 0:01:30]} 43. g4 {[%emt 0:16:17]} 1-0

[Event "4th Chessfestival Gredine 2018"]
[Site "Ortisei"]
[Date "2018.06.24"]
[Round "9.19"]
[White "Zenari, Marco"]
[Black "Landi, Alberto"]
[Result "0-1"]
[WhiteElo "2177"]
[BlackElo "2198"]
[Annotator "NA"]
[PlyCount "108"]
[EventDate "2018.06.16"]
[EventType "swiss"]
[EventCountry "ITA"]
[SourceTitle "playchess.com"]
[Source "ChessBase"]
[SourceQuality "1"]
[TimeControl "40/5400+30:1800+30"]

1. e4 {[%emt 0:00:30]} e6 {[%emt 0:01:00]} 2. d4 {[%emt 0:00:00]} d5 {[%emt 0:00:00]} 3. Nc3 {[%emt 0:00:00]} Nf6 {[%emt 0:00:00]} 4. Bg5 {[%emt 0:00:00]} Be7 {[%emt 0:00:00]} 5. e5 {[%emt 0:00:00]} Nfd7 {[%emt 0:00:00]} 6. h4 {[%emt 0:00:30]} h6 {[%emt 0:00:00]} 7. Bxe7 {[%emt 0:01:30]} Qxe7 {[%emt 0:00:00]} 8. Qg4 {[%emt 0:01:30]} O-O {[%emt 0:00:00]} 9. Nf3 {[%emt 0:07:30]} c5 {[%emt 0:00:00]} 10. dxc5 {[%emt 0:25:30]} Nc6 {[%emt 0:02:30]} 11. Qg3 {[%emt 0:01:30]} Nxc5 {[%emt 0:02:30]} 12. O-O-O {[%emt 0:01:30]} a6 {[%emt 0:05:30]} 13. Bd3 {[%emt 0:06:30]} f6 {[%emt 0:17:30]} 14. Rhe1 {[%emt 0:08:30]} Bd7 {[%emt 0:14:30]} 15. Kb1 {[%emt 0:06:30]} b5 {[%emt 0:07:30]} 16. exf6 {[%emt 0:02:30]} Qxf6 {[%emt 0:00:30]} 17. Qd6 {[%emt 0:00:30]} Qe7 {[%emt 0:13:30]} 18. Qxe7 {[%emt 0:00:30]} Nxe7 {[%emt 0:00:00]} 19. Ne5 {[%emt 0:00:30]} Be8 {[%emt 0:04:00]} 20. f3 {[%emt 0:02:30]} Nd7 {[%emt 0:08:30]} 21. Rd2 {[%emt 0:10:30]} Nxe5 {[%emt 0:04:23]} 22. Rxe5 {[%emt 0:00:30]} Rf6 {[%emt 0:00:18]} 23. Bf1 {[%emt 0:04:58]} Nc6 {[%emt 0:00:34]} 24. Re1 {[%emt 0:00:08]} Bf7 {[%emt 0:01:10]} 25. Ne2 {[%emt 0:05:58]} e5 {[%emt 0:00:46]} 26. Nc3 {[%emt 0:01:15]} Rd8 {[%emt 0:01:32]} 27. Red1 {[%emt 0:00:17]} Nd4 {[%emt 0:00:51]} 28. a4 {[%emt 0:06:44]} b4 {[%emt 0:01:23]} 29. Ne2 {[%emt 0:00:26]} Nf5 {[%emt 0:00:48]} 30. h5 {[%emt 0:02:24]} Ne3 {[%emt 0:01:57]} 31. Re1 {[%emt 0:00:06]} Nxf1 {[%emt 0:01:40]} 32. Rxf1 {[%emt 0:00:04]} Bxh5 {[%emt 0:00:24]} 33. Ng3 {[%emt 0:00:24]} Bg6 {[%emt 0:00:13]} 34. Re1 {[%emt 0:00:14]} b3 {[%emt 0:03:06]} 35. Rxe5 {[%emt 0:01:28]} bxc2+ {[%emt 0:00:46]} 36. Kc1 {[%emt 0:00:05]} d4 {[%emt 0:04:24]} 37. Ne4 {[%emt 0:01:50]} Bxe4 {[%emt 0:00:03]} 38. Rxe4 {[%emt 0:00:00]} d3 {[%emt 0:00:05]} 39. Re3 {[%emt 0:00:53]} Rfd6 {[%emt 0:00:03]} 40. b4 {[%emt 0:00:09]} Rd4 {[%emt 0:07:34]} 41. g3 {[%emt 0:20:37]} Kf7 {[%emt 0:08:30]} 42. b5 {[%emt 0:06:44]} axb5 {[%emt 0:09:09]} 43. axb5 {[%emt 0:00:30]} h5 {[%emt 0:01:28]} 44. b6 {[%emt 0:00:29]} R8d7 {[%emt 0:00:23]} 45. b7 {[%emt 0:01:27]} Rxb7 {[%emt 0:00:03]} 46. Rexd3 {[%emt 0:00:46]} Rxd3 {[%emt 0:00:01]} 47. Rxd3 {[%emt 0:00:12]} Rc7 {[%emt 0:00:03]} 48. Ra3 {[%emt 0:06:14]} Rc5 {[%emt 0:00:16]} 49. Ra2 {[%emt 0:00:36]} Rc3 {[%emt 0:02:41]} 50. Rxc2 {[%emt 0:00:06]} Rxf3 {[%emt 0:00:05]} 51. Rg2 {[%emt 0:00:10]} Kg6 {[%emt 0:00:12]} 52. g4 {[%emt 0:01:30]} h4 {[%emt 0:00:01]} 53. Kd1 {[%emt 0:00:00]} Kg5 {[%emt 0:00:14]} 54. Ke2 {[%emt 0:00:00]} Rf4 0-1

[Event "4th Chessfestival Gredine 2018"]
[Site "Ortisei"]
[Date "2018.06.24"]
[Round "9.20"]
[White "Johnsen, Gunnar"]
[Black "Hoffmann, Sebastian"]
[Result "1/2-1/2"]
[WhiteElo "2188"]
[BlackElo "2067"]
[Annotator "NA"]
[PlyCount "83"]
[EventDate "2018.06.16"]
[EventType "swiss"]
[EventCountry "ITA"]
[SourceTitle "playchess.com"]
[Source "ChessBase"]
[SourceQuality "1"]
[TimeControl "40/5400+30:1800+30"]

1. Nf3 {[%emt 0:00:30]} Nf6 {[%emt 0:01:00]} 2. c4 {[%emt 0:00:30]} c6 {[%emt 0:00:00]} 3. d4 {[%emt 0:00:00]} d5 {[%emt 0:00:00]} 4. cxd5 {[%emt 0:00:00]} cxd5 {[%emt 0:00:30]} 5. Nc3 {[%emt 0:00:30]} Nc6 {[%emt 0:00:00]} 6. Bf4 {[%emt 0:00:00]} Ne4 {[%emt 0:00:00]} 7. e3 {[%emt 0:00:00]} Nxc3 {[%emt 0:00:30]} 8. bxc3 {[%emt 0:00:30]} e6 {[%emt 0:00:30]} 9. Bd3 {[%emt 0:08:30]} Bd6 {[%emt 0:00:00]} 10. Bxd6 {[%emt 0:00:30]} Qxd6 {[%emt 0:00:00]} 11. O-O {[%emt 0:00:30]} O-O {[%emt 0:00:30]} 12. c4 {[%emt 0:04:30]} dxc4 {[%emt 0:00:00]} 13. Bxc4 {[%emt 0:00:00]} b6 {[%emt 0:00:00]} 14. Qe2 {[%emt 0:09:00]} Bb7 {[%emt 0:00:30]} 15. Ba6 {[%emt 0:02:30]} Qd7 {[%emt 0:05:30]} 16. Rfc1 {[%emt 0:05:30]} Rac8 {[%emt 0:03:30]} 17. a4 $11 {[%emt 0:07:30]} Bxa6 {[%emt 0:12:30]} 18. Qxa6 {[%emt 0:00:30]} Rfd8 {[%emt 0:20:30]} 19. h3 {[%emt 0:04:30]} h6 {[%emt 0:04:30]} 20. Qb5 {[%emt 0:07:30]} Rc7 {[%emt 0:02:30]} 21. Ne1 {[%emt 0:11:30]} Rdc8 {[%emt 0:03:30]} 22. Nd3 {[%emt 0:01:30]} Kf8 {[%emt 0:03:30]} 23. Kf1 {[%emt 0:01:30]} Ke8 {[%emt 0:02:30]} 24. Ke1 {[%emt 0:03:30]} Na5 {[%emt 0:11:30]} 25. Rxc7 {[%emt 0:06:30]} Rxc7 {[%emt 0:00:30]} 26. Rc1 {[%emt 0:02:30]} Rxc1+ {[%emt 0:01:30]} 27. Nxc1 {[%emt 0:00:30]} Qxb5 {[%emt 0:00:30]} 28. axb5 {[%emt 0:00:30]} Nc4 {[%emt 0:00:30]} 29. Na2 {[%emt 0:00:00]} Kd7 {[%emt 0:01:30]} 30. Ke2 {[%emt 0:00:00]} Kc7 {[%emt 0:10:09]} 31. Kd3 {[%emt 0:03:30]} Nd6 {[%emt 0:00:10]} 32. Nc3 {[%emt 0:00:30]} Kb7 {[%emt 0:00:24]} 33. e4 {[%emt 0:01:30]} a6 {[%emt 0:03:26]} 34. bxa6+ {[%emt 0:00:30]} Kxa6 {[%emt 0:00:33]} 35. e5 {[%emt 0:00:30]} Ne8 {[%emt 0:02:42]} 36. d5 {[%emt 0:03:15]} exd5 {[%emt 0:00:30]} 37. Nxd5 {[%emt 0:00:07]} Kb5 {[%emt 0:01:49]} 38. Kd4 {[%emt 0:00:16]} Kc6 {[%emt 0:02:24]} 39. Nb4+ {[%emt 0:01:40]} Kb5 {[%emt 0:00:25]} 40. Nd5 {[%emt 0:00:13]} Kc6 {[%emt 0:30:07]} 41. Nb4+ {[%emt 0:32:18]} Kb5 {[%emt 0:01:17]} 42. Nd5 {[%emt 0:00:14]} 1/2-1/2